000 00468nam a2200181Ia 4500
008 220204s9999 xx 000 0 und d
082 _a577.15
_bCOR;1
100 _aCORNISH-BOWDEN, Athel
245 0 _aPrinciples of enzyme kinetics
260 _aLondon
_bButterworths
_c1976
650 _aActivators
650 _aChemical kinetics
650 _aEnzyme
650 _aInhibitor
650 _aRate constant estimation
650 _aReaction pathway
942 _cBK
999 _c26580
_d26580